000 00536nam a2200241Ia 4500
003 OSt
005 20220912145619.0
006 a|||||r|||| 00| 0
007 ta
008 220909b |||||||| |||| 00| 0 eng d
024 _a71462
037 _cTextual
040 _aCSL
_beng
_cCSL
041 _aeng
082 _aG:556, H7
100 _aEdwin M
245 0 _aNature's year
260 _c1947
300 _ap.
_ccm.
650 _aEcology
942 _hG:556, H7
_cTEXL
_2CC
999 _c34892
_d34892